Представление документа в формате RUSMARC

ПолеНазваниеЗначение
  Тип записи a
  Библиографический уровень a
001 Контрольный номер RU/CBS_UL/BASE/e6f22c1761e24c938c76cdef06435a3d
005 Дата корректировки 20250122233010.7
100 Данные общей обработки __
a Данные общей обработки 20230424 ||| 0rusy0189 ca
101 Язык документа 0_
a Язык текста rus
102 Страна публикации __
a Страна публикации RU
200 Заглавие и сведения об ответственности 1_
a Заглавие Поливановы на земле Симбирской. Как преображенец стал помещиком и свояком поэта-гусара Давыдова
e Сведения, относящиеся к заглавию [о русском сенаторе, тайном советнике Иване Петровиче Поливанове]
f Первые сведения об ответственности Ю. Козлов
300 Общие примечания __
a Общие примечания 16+
300 Общие примечания __
a Общие примечания Прил. : с. 4. : ил. - (Аргументы и факты в Ульяновске)
461 Уровень набора _0
1 2000
a Аргументы и факты
463 Уровень физической единицы _0
1 2000
a № 16 (19-25 апр.)
1 2101
d 2023
1 001RU/CBS_UL/BASE/dd0ae958289d4fd8b07bdf871528350a
600 Персоналии _1
a Персоналии (Фамилия) Поливанов
b Персоналии (Имя, инициалы) И. П.
600 Персоналии _1
a Персоналии (Фамилия) Чирков
b Персоналии (Имя, инициалы) Н. А.
600 Персоналии _1
a Персоналии (Фамилия) Давыдов
b Персоналии (Имя, инициалы) Д. В.
606 Тематические рубрики 0_
a Основная рубрика Поливанов, Иван Петрович (1773-1848)
610 Ключевые слова 0_
a Ключевые слова сенат
610 Ключевые слова 0_
a Ключевые слова члены сената
610 Ключевые слова 0_
a Ключевые слова сенаторы
610 Ключевые слова 0_
a Ключевые слова российские сенаторы
610 Ключевые слова 0_
a Ключевые слова тайные советники
686 Индексы других классификаций __
2 Код системы rubbk
a Классификационный индекс 63.3(2)47
700 Автор _1
a Фамилия Козлов
b Имя (инициалы) Ю.
801 Источник записи _0
a Страна RU
b Организация МБУК ЦБС г. Ульяновска
c Дата составления 20230424
g Правила каталогизации RCR
801 Источник записи _1
a Страна RU
b Организация МБУК ЦБС г. Ульяновска
c Дата составления 20230424
g Правила каталогизации RCR
901 Тип документа __
t Тип документа f
w Контрольный № источника RU/CBS_UL/BASE/dd0ae958289d4fd8b07bdf871528350a